Hệ thống sông Mê Công - Đồng Nai cuối pleistoscen muộn trên thềm lục địa Vũng Tàu - Bình Thuận

Αποθηκεύτηκε σε:
Λεπτομέρειες βιβλιογραφικής εγγραφής
Κύριος συγγραφέας: Nguyễn, Tiến Hải
Άλλοι συγγραφείς: Nguyễn, Huy Phúc
Μορφή: Βιβλίο
Γλώσσα:Undetermined
Θέματα:
Διαθέσιμο Online:http://lrc.tdmu.edu.vn/opac/search/detail.asp?aID=2&ID=36049
Ετικέτες: Προσθήκη ετικέτας
Δεν υπάρχουν, Καταχωρήστε ετικέτα πρώτοι!
Thư viện lưu trữ: Trung tâm Học liệu Trường Đại học Thủ Dầu Một
LEADER 00803nam a2200157Ia 4500
001 TDMU_36049
008 210410s9999 xx 000 0 und d
082 |a 616.99465 
100 |a Nguyễn, Tiến Hải 
245 0 |a Hệ thống sông Mê Công - Đồng Nai cuối pleistoscen muộn trên thềm lục địa Vũng Tàu - Bình Thuận 
245 0 |c Nguyễn Tiến Hải, Nguyễn Huy Phúc, Phạm Thị Tươi 
300 |a Tr.104-112 
650 |a Địa lý địa chất; Hệ thống sông Mê Công; Thềm lục địa; Vũng tàu; Bình Thuận; Đồng Nai 
700 |a Nguyễn, Huy Phúc 
856 |u http://lrc.tdmu.edu.vn/opac/search/detail.asp?aID=2&ID=36049 
980 |a Trung tâm Học liệu Trường Đại học Thủ Dầu Một